| 000 | 00569pam a2200193 i 4500 | ||
|---|---|---|---|
| 020 | _a0471057711 | ||
| 082 | 0 | 0 |
_a512.943 _bDAV _cL-1, p-25 |
| 100 | 1 |
_aDavis, Philip J., _939291 |
|
| 245 | 1 | 0 |
_aCirculant matrices / _cPhilip J. Davis. |
| 260 |
_aNew York : _bWiley, _cc1979. |
||
| 300 |
_axv, 250 p. : _bill. ; _c24 cm. |
||
| 490 | 0 | _aPure and applied mathematics | |
| 500 | _a"A Wiley-Interscience publication." | ||
| 500 | _aIncludes indexes. | ||
| 526 |
_a0 _b0 _c0 _d512_943000000000000_DAV |
||
| 650 | 0 |
_aMatrices. _92986 |
|
| 650 | 0 |
_aMCE _9379 |
|
| 942 |
_2ddc _cBK |
||
| 999 |
_c543797 _d543797 |
||